[Event "Tournoi Skype 028B"]
[Site "Skype"]
[Date "????.??.??"]
[Round "1.36"]
[White "Franca, Diego"]
[Black "Franca, Adilson Mendes"]
[Result "0-1"]
[WhiteElo "1260"]
[BlackElo "1000"]
[PlyCount "60"]

1. e4 e5 2. Nf3 Nc6 3. Bc4 Nf6 4. O-O d5 5. exd5 Nxd5 6. Re1 Be7 7. Nxe5 Nxe5
8. Rxe5 c6 9. d4 O-O 10. Bxd5 Bf6 11. Re1 cxd5 12. Nc3 Be6 13. Bf4 Bg5 14. Bxg5
Qxg5 15. Re5 Qf6 16. Nxd5 Bxd5 17. Rxd5 Rad8 18. Rxd8 Rxd8 19. c3 Re8 20. Qa4
Qe7 21. Kf1 Qe2+ 22. Kg1 Kf8 23. Qd1 Qxb2 24. c4 Re4 25. d5 Rd4 26. Qc1 Qe2 27.
Qa3+ Ke8 28. Qa4+ Kd8 29. Qxa7 Rd1+ 30. Rxd1 Qxd1# 0-1

[Event "Tournoi Skype 028B"]
[Site "Skype"]
[Date "????.??.??"]
[Round "1.37"]
[White "Fuentes, Francisco"]
[Black "Le Bouill, Pierre"]
[Result "0-1"]
[WhiteElo "1000"]
[BlackElo "1252"]
[PlyCount "74"]

1. d4 d5 2. Nf3 Nf6 3. Bf4 e6 4. e3 Bd6 5. Ne5 Bxe5 6. Bxe5 O-O 7. Nc3 Nc6 8.
Bb5 a6 9. Bd3 Nxe5 10. Bxh7+ Nxh7 11. Qh5 Ng6 12. O-O Nf6 13. Qe2 c6 14. e4 Re8
15. Rad1 Nf4 16. Qf3 Qc7 17. exd5 N4xd5 18. Ne4 Nxe4 19. Rde1 Nd2 20. Qe2 Nxf1
21. Rxf1 Nf4 22. b3 Nxe2+ 23. Kh1 Nxd4 24. Rd1 e5 25. c3 Ne2 26. f3 Nxc3 27.
Rc1 Nxa2 28. Rc2 Nb4 29. Rd2 e4 30. Rd4 exf3 31. Rxb4 fxg2+ 32. Kxg2 Re2+ 33.
Kf1 Qe5 34. h4 Bh3+ 35. Kg1 Qe3+ 36. Kh1 Qf3+ 37. Kg1 Qf1# 0-1

[Event "Tournoi Skype 028B"]
[Site "Skype"]
[Date "????.??.??"]
[Round "1.38"]
[White "Battaglia, Gabriele"]
[Black "Funez, Lilian"]
[Result "0-1"]
[WhiteElo "1245"]
[BlackElo "1000"]
[PlyCount "80"]

1. d4 Nf6 2. Nf3 e6 3. e3 d5 4. Bd3 Nbd7 5. O-O Be7 6. Nbd2 O-O 7. Re1 c5 8. c3
cxd4 9. cxd4 Bd6 10. e4 e5 11. dxe5 Nxe5 12. exd5 Nxf3+ 13. Nxf3 Nxd5 14. Bc4
Nb6 15. Bb3 Bg4 16. Bd2 Qc7 17. Bc3 Bxh2+ 18. Kh1 Rad8 19. Bd2 Bf4 20. Rc1 Rxd2
21. Rxc7 Rxd1 22. Rxd1 Bxc7 23. Rd3 Re8 24. Rd1 Nd7 25. Re1 Rxe1+ 26. Nxe1 h5
27. Bd5 b6 28. f3 Bf5 29. Be4 Bxe4 30. fxe4 Nf6 31. e5 Bxe5 32. b3 h4 33. Nf3
Bg3 34. Nd4 Ne4 35. Nc6 h3 36. gxh3 a5 37. a3 g5 38. a4 Bd6 39. Kg2 f5 40. Kf3
Nd2+ 0-1

[Event "Tournoi Skype 028B"]
[Site "Skype"]
[Date "????.??.??"]
[Round "1.39"]
[White "Garganese, Paolo"]
[Black "Clemente Alcahua, Kaparso"]
[Result "1-0"]
[WhiteElo "1000"]
[BlackElo "1232"]
[PlyCount "91"]

1. e4 e5 2. Nf3 d6 3. Bb5+ c6 4. Ba4 Nf6 5. Qe2 h6 6. O-O Be7 7. c3 O-O 8. Rd1
Qc7 9. d4 Be6 10. Nbd2 Nbd7 11. Bc2 exd4 12. cxd4 Nh5 13. Nf1 Ndf6 14. h3 Nd7
15. g4 f5 16. gxh5 fxe4 17. Qxe4 Bf5 18. Bb3+ d5 19. Qf4 Qxf4 20. Bxf4 Bxh3 21.
Ne5 Nxe5 22. Bxe5 Bh4 23. Ng3 Bxg3 24. Bxg3 Bg4 25. Re1 Bxh5 26. Re5 Bg6 27.
Rae1 Kh7 28. Kg2 a5 29. a4 Bh5 30. Rxh5 Rae8 31. Rxe8 Rxe8 32. Re5 Rxe5 33.
dxe5 Kg8 34. f4 Kf7 35. Be1 b6 36. Kf3 Ke6 37. Bc3 c5 38. f5+ Kxf5 39. Bxd5 h5
40. e6 g5 41. e7 g4+ 42. Kg3 Kg5 43. Bd2+ Kf5 44. e8=Q h4+ 45. Kxh4 g3 46. Qe6#
1-0

[Event "Tournoi Skype 028B"]
[Site "Skype"]
[Date "????.??.??"]
[Round "1.40"]
[White "Porcabeuf, Jean-Marc"]
[Black "Gomez Caballero, Blas"]
[Result "0-1"]
[WhiteElo "1229"]
[BlackElo "1000"]
[PlyCount "50"]

1. e4 e5 2. Nf3 Nc6 3. Bc4 Nh6 4. O-O Bc5 5. c3 O-O 6. d4 exd4 7. cxd4 Bb6 8.
Nc3 Na5 9. Bb3 d6 10. Bxh6 gxh6 11. Bc2 Bg4 12. Qd3 Bh5 13. e5 Bg6 14. Qd2 Nc4
15. Qxh6 Bxc2 16. Ng5 dxe5 17. Qxh7+ Bxh7 18. Nxh7 Kxh7 19. Rad1 Qg5 20. g3
Bxd4 21. Ne4 Qf5 22. Rde1 Rg8 23. Kg2 Nxb2 24. Re2 Nd3 25. f3 Nf4+ 0-1

[Event "Tournoi Skype 028B"]
[Site "Skype"]
[Date "????.??.??"]
[Round "1.41"]
[White "Gomez Zuluaga, Jorge Adiel"]
[Black "Chavez, Isidro"]
[Result "0-1"]
[WhiteElo "1000"]
[BlackElo "1227"]
[PlyCount "116"]

1. b4 e5 2. Bb2 Bxb4 3. Bxe5 d6 4. Bxg7 Bc5 5. Bxh8 Qh4 6. g3 Qe4 7. f3 Qe7 8.
d4 Bb4+ 9. Nd2 f6 10. Bg2 Qf8 11. a3 Bc3 12. Rb1 Ne7 13. f4 c6 14. Bxf6 Qxf6
15. Ngf3 Nd7 16. O-O Nf5 17. Rb3 Ne3 18. Qb1 Nxf1 19. Nxf1 Bxd4+ 20. e3 Bb6 21.
a4 Nc5 22. Ra3 Ba5 23. Qd1 Bd7 24. Nd4 O-O-O 25. Nb3 Bb4 26. Ra2 Be6 27. Qd4
Qxd4 28. exd4 Nxb3 29. Rb2 Bc3 30. Rxb3 Bxb3 31. cxb3 Bxd4+ 32. Kh1 Kc7 33. a5
Bf6 34. Be4 h6 35. Bd3 Bc3 36. Kg2 Bxa5 37. Ne3 Re8 38. Kf3 Bd2 39. Ng2 Bb4 40.
h4 b5 41. f5 a5 42. Nf4 a4 43. Ne6+ Kb7 44. bxa4 bxa4 45. Bc4 a3 46. Ba2 d5 47.
h5 Ra8 48. f6 Bc3 49. f7 d4 50. Ke2 c5 51. Ng7 d3+ 52. Kxd3 Bxg7 53. Kc4 Ra4+
54. Kxc5 Rg4 55. Kb5 Rxg3 56. Kb4 Bf8+ 57. Ka5 Rh3 58. Bb1 Rxh5+ 0-1

[Event "Tournoi Skype 028B"]
[Site "Skype"]
[Date "????.??.??"]
[Round "1.42"]
[White "Moumtaz, Abderrahim"]
[Black "Guevara, Lizbeth"]
[Result "1-0"]
[WhiteElo "1226"]
[BlackElo "1000"]
[PlyCount "77"]

1. d4 d5 2. c4 c6 3. Nc3 e6 4. Nf3 Bd6 5. c5 Be7 6. Bf4 Nf6 7. h3 O-O 8. e3 h6
9. Bd3 Qb6 10. cxb6 Nbd7 11. bxa7 Rxa7 12. O-O Nh5 13. Bh2 f5 14. Ne5 Bd6 15.
Nxd7 Bxh2+ 16. Kxh2 Bxd7 17. Qxh5 Rf6 18. f3 g5 19. e4 Ra8 20. e5 Be8 21. Qxe8+
Rxe8 22. exf6 Kf7 23. g4 f4 24. Rfe1 Kxf6 25. Na4 Rh8 26. Nc5 Re8 27. b3 b6 28.
Nd7+ Ke7 29. Nxb6 Kd6 30. Na4 Rh8 31. Re5 Ke7 32. Bf5 Kf6 33. Rxe6+ Kf7 34.
Rxc6 Re8 35. Rxh6 Re2+ 36. Kg1 Rd2 37. Rh7+ Kf6 38. Nb6 Rxd4 39. Nd7# 1-0

[Event "Tournoi Skype 028B"]
[Site "Skype"]
[Date "????.??.??"]
[Round "1.43"]
[White "Huerta, Jesus"]
[Black "Thavorath, Nirandas"]
[Result "0-1"]
[WhiteElo "1000"]
[BlackElo "1226"]
[PlyCount "40"]

1. e4 e5 2. Nf3 Nf6 3. Nxe5 Qe7 4. d4 d6 5. Nc4 Nxe4 6. Qf3 Nc6 7. c3 Ng3+ 8.
Kd1 Nxh1 9. g3 Bg4 10. Be2 Bxf3 11. Bxf3 Nxf2+ 12. Kd2 O-O-O 13. b3 Re8 14. Ne3
Qxe3+ 15. Kc2 Qxf3 16. Bd2 Qd1+ 17. Kb2 Nd3+ 18. Ka3 d5+ 19. b4 Qc2 20. c4 Na5
0-1

[Event "Tournoi Skype 028B"]
[Site "Skype"]
[Date "????.??.??"]
[Round "1.44"]
[White "Rosenkoetter, David"]
[Black "Ibanez, Bittor"]
[Result "1-0"]
[WhiteElo "1216"]
[BlackElo "1000"]
[PlyCount "121"]

1. e4 e5 2. Nf3 Nc6 3. d4 exd4 4. Nxd4 Nxd4 5. Qxd4 c5 6. Qc3 Nf6 7. e5 Ne4 8.
Qe3 Qa5+ 9. c3 d5 10. exd6 Bf5 11. d7+ Kxd7 12. Bd3 Re8 13. O-O Nf6 14. Qd2
Bxd3 15. Qxd3+ Bd6 16. Bf4 Re6 17. Bxd6 Rxd6 18. Qh3+ Kc6 19. Na3 Qd8 20. Qf3+
Kb6 21. Nc4+ Kc7 22. Nxd6 Qxd6 23. Rad1 Qc6 24. Rfe1 Re8 25. Qxc6+ Kxc6 26.
Rxe8 Nxe8 27. Re1 Nd6 28. b3 b5 29. Kf1 a5 30. a3 b4 31. cxb4 axb4 32. axb4 c4
33. bxc4 Nxc4 34. Re7 Nd6 35. b5+ Kxb5 36. Rd7 Kc6 37. Ra7 Kd5 38. Ra5+ Kd4 39.
Ke2 f5 40. Ra4+ Kd5 41. Ke3 Nc4+ 42. Rxc4 Kxc4 43. f4 Kd5 44. h3 h5 45. Kf3 g6
46. g4 h4 47. gxf5 gxf5 48. Ke3 Kd6 49. Kd4 Ke6 50. Kc5 Kd7 51. Kd5 Kc7 52. Ke5
Kd7 53. Kxf5 Ke7 54. Ke5 Kf7 55. Kf5 Kg7 56. Ke6 Kg6 57. f5+ Kg7 58. Ke7 Kg8
59. f6 Kh7 60. f7 Kg6 61. f8=Q 1-0

[Event "Tournoi Skype 028B"]
[Site "Skype"]
[Date "????.??.??"]
[Round "1.45"]
[White "Jimenez, Eduardo"]
[Black "Malbec, Robert"]
[Result "1-0"]
[WhiteElo "1000"]
[BlackElo "1214"]
[PlyCount "31"]

1. Nf3 Nc6 2. e4 e5 3. Bb5 a6 4. Ba4 b5 5. Bb3 Bc5 6. d4 exd4 7. O-O d6 8. a4
Bb7 9. axb5 axb5 10. Rxa8 Qxa8 11. Qd3 Ba6 12. Bg5 b4 13. Bc4 Bxc4 14. Qxc4 Ne5
15. Nxe5 f6 16. Qf7+ 1-0

[Event "Tournoi Skype 028B"]
[Site "Skype"]
[Date "????.??.??"]
[Round "1.46"]
[White "Busto, Ricardo"]
[Black "Jimenez Del Rosario, Alsis Raynely"]
[Result "1/2-1/2"]
[WhiteElo "1210"]
[BlackElo "1000"]
[PlyCount "53"]

1. d4 Nf6 2. c4 g6 3. Nc3 Bg7 4. e4 O-O 5. Bf4 d6 6. Nf3 Nc6 7. Be2 e5 8. dxe5
dxe5 9. Qxd8 Rxd8 10. Bg5 Bg4 11. Nd5 Rd6 12. Nxc7 Rc8 13. Nb5 Rd7 14. O-O Nxe4
15. Be3 b6 16. Nc3 Nxc3 17. bxc3 e4 18. Nd4 Bxe2 19. Nxe2 Bxc3 20. Nxc3 Nd4 21.
Bxd4 Rxd4 22. Nb5 Rd7 23. Rad1 Rxd1 24. Rxd1 Rxc4 25. Nxa7 Ra4 26. Nc8 Rxa2 27.
Nxb6 1/2-1/2

[Event "Tournoi Skype 028B"]
[Site "Skype"]
[Date "????.??.??"]
[Round "1.47"]
[White "Llabres, Sergio"]
[Black "Conde, Carmen"]
[Result "1-0"]
[WhiteElo "1000"]
[BlackElo "1207"]
[PlyCount "97"]

1. Nf3 d5 2. d4 Bf5 3. b3 Nc6 4. Bb2 Nf6 5. e3 a6 6. Nbd2 Qd6 7. Be2 Nb4 8. Ba3
c5 9. Bd3 e6 10. Bxf5 exf5 11. c3 Nd3+ 12. Ke2 Ng4 13. Rf1 Ndxf2 14. Rxf2 Nxf2
15. Kxf2 Qg6 16. dxc5 Be7 17. Nf1 Rd8 18. Ng3 b6 19. b4 b5 20. Bb2 f6 21. Rc1
Qg4 22. Rc2 O-O 23. Rd2 Qc4 24. Ba1 g6 25. Qc2 Rd7 26. Rd4 Qxd4 27. cxd4 h5 28.
a3 Kg7 29. Bc3 Rh8 30. Ne2 h4 31. Nf4 Kf7 32. Nxh4 Rxh4 33. h3 Bd8 34. Be1 Bc7
35. Kf3 Rh6 36. c6 Re7 37. Nxd5 Re4 38. Nxc7 g5 39. Qc5 g4+ 40. hxg4 Rxg4 41.
Qd5+ Kg6 42. Ne6 Rh1 43. c7 Rxe1 44. c8=Q Rf1+ 45. Ke2 Rg1 46. Qg8+ Kh5 47.
Ng7+ Kh4 48. Nxf5+ Kh5 49. Qdf7+ 1-0

[Event "Tournoi Skype 028B"]
[Site "Skype"]
[Date "????.??.??"]
[Round "1.48"]
[White "Felippe E Silva, Glenda"]
[Black "Manvatkar, Kamlesh"]
[Result "1-0"]
[WhiteElo "1207"]
[BlackElo "1000"]
[PlyCount "81"]

1. d4 d5 2. Nf3 Bf5 3. Bf4 e6 4. e3 Nf6 5. Bd3 Bd6 6. Bg3 c5 7. Bxf5 exf5 8.
Bxd6 Qxd6 9. c3 Nc6 10. O-O O-O 11. Nbd2 Ne4 12. Re1 b6 13. Rc1 Qg6 14. Nxe4
fxe4 15. Nd2 Ne7 16. c4 Rad8 17. cxd5 Rxd5 18. Qc2 f5 19. Qa4 cxd4 20. exd4 Qf6
21. Nb3 Nc8 22. Qc4 Qf7 23. Rc3 Nd6 24. Qc7 Qf6 25. Qxa7 Nb5 26. Qb7 Nxc3 27.
bxc3 Rd6 28. Nd2 Rc6 29. Rc1 Rfc8 30. Nb3 Qd6 31. c4 Rxc4 32. Rxc4 Rxc4 33.
Qa8+ Kf7 34. g3 Rc7 35. d5 Rd7 36. Nd4 Qxd5 37. Qxd5+ Rxd5 38. Nc6 Rd2 39. a4
Re2 40. Nd4 g6 41. Nxe2 1-0

[Event "Tournoi Skype 028B"]
[Site "Skype"]
[Date "????.??.??"]
[Round "1.49"]
[White "Martins, Rodrigo Baldo"]
[Black "Douichi, Mohammed"]
[Result "0-1"]
[WhiteElo "1000"]
[BlackElo "1203"]
[PlyCount "88"]

1. d4 Nf6 2. Bf4 d6 3. e3 Nd5 4. Bg5 h6 5. Bh4 Qd7 6. e4 Nf6 7. Nc3 Qe6 8. d5
Qd7 9. Bb5 c6 10. dxc6 Nxc6 11. Bxc6 Qxc6 12. Nd5 Nxe4 13. Nf3 e6 14. Ne7 Bxe7
15. Bxe7 Kxe7 16. Nd4 Qc5 17. Qd3 Qb4+ 18. c3 Qxb2 19. O-O d5 20. Rfe1 Qxf2+
21. Kh1 Qf4 22. Rxe4 Qxe4 23. Qxe4 dxe4 24. h4 Rd8 25. Nb5 Bd7 26. Nc7 Rac8 27.
Nd5+ exd5 28. Rf1 Rxc3 29. Rf4 e3 30. Rd4 Be6 31. Ra4 a6 32. g4 e2 33. Rf4 Rh3+
34. Kg2 Rxh4 35. Rf2 Bxg4 36. Rxe2+ Bxe2 37. Kf2 Bc4 38. a4 d4 39. Kg3 g5 40.
a5 d3 41. Kf3 d2 42. Ke3 d1=Q 43. Kf2 Rd2+ 44. Kg3 Qg4# 0-1

[Event "Tournoi Skype 028B"]
[Site "Skype"]
[Date "????.??.??"]
[Round "1.50"]
[White "Milanese, Serge"]
[Black "Marty, Yvette"]
[Result "1-0"]
[WhiteElo "1202"]
[BlackElo "1000"]
[PlyCount "31"]

1. d4 e6 2. Bf4 g6 3. e3 Bg7 4. Nf3 Nc6 5. Nc3 d5 6. Nb5 e5 7. dxe5 Nxe5 8.
Nxe5 Bh6 9. Bg3 Nf6 10. Nf3 O-O 11. Bd3 c6 12. Nc3 b5 13. Ne5 Ne4 14. Nxc6 Qb6
15. Ne7+ Kg7 16. Be5+ 1-0

[Event "Tournoi Skype 028B"]
[Site "Skype"]
[Date "????.??.??"]
[Round "1.51"]
[White "Mercado, Joseph"]
[Black "Alarcon Alarcon, Marina"]
[Result "0-1"]
[WhiteElo "1000"]
[BlackElo "1198"]
[PlyCount "90"]

1. e4 e5 2. Nf3 Nc6 3. Bc4 Be7 4. Nc3 Nf6 5. d3 h6 6. Be3 d6 7. Qd2 Be6 8. h3
Bxc4 9. dxc4 Qd7 10. Nd5 Nxe4 11. Qd3 Nf6 12. Nxf6+ Bxf6 13. O-O-O O-O-O 14.
Qb3 a6 15. c5 d5 16. Rd2 e4 17. Nd4 Nxd4 18. Bxd4 Bg5 19. Be3 Qf5 20. Rhd1 c6
21. g3 Qxh3 22. Bxg5 hxg5 23. c4 Qf5 24. cxd5 Rxd5 25. Rxd5 cxd5 26. Rxd5 Rh1+
27. Kc2 Qxf2+ 28. Rd2 Qxc5+ 29. Qc3 Qxc3+ 30. Kxc3 Rh3 31. Rd3 f5 32. Kd4 f4
33. Rc3+ Kd7 34. gxf4 Rxc3 35. bxc3 gxf4 36. Kxe4 g5 37. Kf3 Kc6 38. Kg4 Kc5
39. a4 b6 40. Kxg5 f3 41. Kf6 f2 42. Ke6 f1=Q 43. Kd7 Qf7+ 44. Kc8 Kc6 45. Kb8
Qb7# 0-1

[Event "Tournoi Skype 028B"]
[Site "Skype"]
[Date "????.??.??"]
[Round "1.52"]
[White "Tembhurnekar, Ritu"]
[Black "Mira Poveda, Jose Antonio"]
[Result "1-0"]
[WhiteElo "1198"]
[BlackElo "1000"]
[PlyCount "69"]

1. d4 d5 2. Nf3 Bg4 3. e3 g6 4. c4 Nf6 5. Nc3 e6 6. cxd5 exd5 7. Be2 Bg7 8. O-O
O-O 9. Qb3 c6 10. Qxb7 Nbd7 11. Qxc6 Rc8 12. Qa4 Rc7 13. Bd2 Nb6 14. Qb3 Nc4
15. Bxc4 dxc4 16. Qd1 Qd6 17. h3 Bh5 18. Nb5 Qd7 19. Nxc7 Qxc7 20. Rc1 Bxf3 21.
Qxf3 Ne4 22. Qxe4 f5 23. Qd5+ Rf7 24. Rxc4 Qe7 25. Rc8+ Bf8 26. a3 Qg5 27. Bb4
f4 28. Rxf8+ Kg7 29. Qxg5 Rxf8 30. Qe7+ Rf7 31. Qe5+ Rf6 32. Rc1 Kf7 33. Rc7+
Kg8 34. Qe8+ Rf8 35. Qxf8# 1-0

[Event "Tournoi Skype 028B"]
[Site "Skype"]
[Date "????.??.??"]
[Round "1.53"]
[White "Nakamura, Seiichi"]
[Black "Ruiz Gomez, Luz Alba"]
[Result "0-1"]
[WhiteElo "1000"]
[BlackElo "1190"]
[PlyCount "68"]

1. d4 Nf6 2. Nf3 d5 3. Bf4 e6 4. e3 Nbd7 5. h3 Bd6 6. Bh2 O-O 7. Bd3 a6 8. Nbd2
Qe7 9. O-O c5 10. Bxd6 Qxd6 11. c3 b6 12. Re1 Qc7 13. Rc1 Bb7 14. e4 e5 15.
exd5 Bxd5 16. c4 Bxf3 17. Nxf3 exd4 18. Qd2 Rfe8 19. Rxe8+ Rxe8 20. Re1 Qb8 21.
Bf5 Ne5 22. Nxe5 Rxe5 23. Rxe5 Qxe5 24. Bd3 a5 25. a4 Qe6 26. Qf4 Qe8 27. g4
Qd8 28. g5 Nh5 29. Bxh7+ Kxh7 30. Qf5+ Kg8 31. g6 Nf6 32. h4 d3 33. gxf7+ Kxf7
34. Kf1 d2 0-1

[Event "Tournoi Skype 028B"]
[Site "Skype"]
[Date "????.??.??"]
[Round "1.54"]
[White "Abate, Luigi"]
[Black "Nobile, Mauro"]
[Result "1-0"]
[WhiteElo "1189"]
[BlackElo "1000"]
[PlyCount "67"]

1. d4 Nf6 2. c4 g6 3. Nc3 Bg7 4. Nf3 O-O 5. e4 d6 6. c5 b6 7. e5 dxe5 8. dxe5
Nfd7 9. cxb6 axb6 10. Bf4 Nc6 11. Qd5 Ndb8 12. Bc4 Bg4 13. h3 Qxd5 14. Bxd5 Bc8
15. Rd1 e6 16. Bc4 Nd7 17. Bb5 Ncxe5 18. Bxd7 Nxd7 19. Bxc7 Bxc3+ 20. bxc3 Rxa2
21. O-O Rc2 22. Rc1 Rxc1 23. Rxc1 Bb7 24. Rd1 Bc8 25. g3 b5 26. Nd4 Ba6 27. Ra1
Nc5 28. Bd6 Rc8 29. Bxc5 Rxc5 30. Rxa6 Rxc3 31. Nxb5 Rc1+ 32. Kg2 Rc5 33. Nd6
Kf8 34. Ra7 1-0

[Event "Tournoi Skype 028B"]
[Site "Skype"]
[Date "????.??.??"]
[Round "1.55"]
[White "Orellana, Claudia"]
[Black "Baker, Abi"]
[Result "1/2-1/2"]
[WhiteElo "1000"]
[BlackElo "1188"]
[PlyCount "84"]

1. e4 Nf6 2. Nc3 g6 3. Bc4 e6 4. d4 Bg7 5. Nf3 O-O 6. Ne5 d6 7. Nd3 e5 8. Bg5
exd4 9. Nd5 Bg4 10. f3 Bh5 11. O-O Nbd7 12. b3 a6 13. Re1 b5 14. Bxb5 axb5 15.
e5 dxe5 16. Qd2 Qc8 17. Ne7+ Kh8 18. Nxc8 Rfxc8 19. Nb4 c5 20. Nd3 c4 21. bxc4
bxc4 22. Nb2 c3 23. Qd3 cxb2 24. c3 bxa1=Q 25. Rxa1 Nc5 26. Qb5 d3 27. Be3 e4
28. Qb7 Nxb7 29. fxe4 Nxe4 30. c4 Bxa1 31. h4 Rxa2 32. Kh2 Be5+ 33. Kh3 Rxc4
34. g4 Bxg4+ 35. Kxg4 Rg2+ 36. Kh3 Re2 37. Bh6 d2 38. Bxd2 Nxd2 39. h5 g5 40.
h6 g4+ 41. Kh4 g3+ 42. Kh3 g2 1/2-1/2

[Event "Tournoi Skype 028B"]
[Site "Skype"]
[Date "????.??.??"]
[Round "1.56"]
[White "Bendre, Pankaj"]
[Black "Parrales, Rodolfo"]
[Result "1/2-1/2"]
[WhiteElo "1182"]
[BlackElo "1000"]
[PlyCount "63"]

1. d4 d5 2. Bf4 Nc6 3. c3 e6 4. Nf3 Bd6 5. Bg3 Nf6 6. e3 O-O 7. Bb5 Bd7 8. Bxc6
Bxc6 9. Bh4 Bb5 10. a4 Ba6 11. b4 b6 12. b5 Bb7 13. Nbd2 c5 14. O-O cxd4 15.
exd4 Bf4 16. Ne5 Bxe5 17. dxe5 d4 18. exf6 gxf6 19. Qg4+ Kh8 20. cxd4 Bxg2 21.
Bg3 Rg8 22. Qf4 e5 23. dxe5 fxe5 24. Qxe5+ f6 25. Qf4 Qd5 26. Rfe1 Rac8 27. Ne4
Rc4 28. Kxg2 f5 29. f3 Rc2+ 30. Kh1 fxe4 31. Qf6+ Rg7 32. Qf8+ 1/2-1/2

[Event "Tournoi Skype 028B"]
[Site "Skype"]
[Date "????.??.??"]
[Round "1.57"]
[White "Quiel, Aristoteles"]
[Black "Maalik, Aakash"]
[Result "0-1"]
[WhiteElo "1000"]
[BlackElo "1178"]
[PlyCount "112"]

1. e4 e6 2. d4 d5 3. Nc3 c5 4. Nf3 dxe4 5. Nxe4 cxd4 6. Nxd4 e5 7. Bb5+ Bd7 8.
Bxd7+ Qxd7 9. Nf3 Qxd1+ 10. Kxd1 Nc6 11. Bf4 exf4 12. Re1 Be7 13. Nd6+ Kf8 14.
Nc4 Rd8+ 15. Ke2 Nb4 16. Rac1 Nf6 17. a3 Nc6 18. Kf1 g6 19. Rcd1 Rxd1 20. Rxd1
Kg7 21. h3 Rd8 22. Re1 Rc8 23. Nfe5 Nd4 24. b3 Nxc2 25. Re2 Nxa3 26. Nxa3 Rc1+
27. Re1 Rxe1+ 28. Kxe1 Bxa3 29. Nc4 Bc5 30. f3 Nd5 31. Kd2 b5 32. Ne5 Ne3 33.
Nd3 Bb6 34. Nxf4 g5 35. Nd3 Nxg2 36. Ne5 f5 37. Kd3 Nf4+ 38. Kd2 Nxh3 39. Kc3
a5 40. Kd3 Ng1 41. Kd2 Bd4 42. Nc6 Bb6 43. Ne5 Bc7 44. Nc6 Nxf3+ 45. Ke3 Ne5
46. Ne7 Kf6 47. Nd5+ Kg6 48. Nxc7 b4 49. Kd2 h5 50. Nd5 h4 51. Ne3 f4 52. Ng2
h3 53. Ne1 h2 54. Nd3 Nf3+ 55. Ke2 h1=Q 56. Nf2 Qg2 0-1

[Event "Tournoi Skype 028B"]
[Site "Skype"]
[Date "????.??.??"]
[Round "1.58"]
[White "Reese, Evan"]
[Black "Quispe, Alberto"]
[Result "0-1"]
[WhiteElo "1178"]
[BlackElo "1000"]
[PlyCount "102"]

1. d4 Nf6 2. b3 d5 3. Bb2 Bf5 4. Nf3 h6 5. e3 e6 6. a3 a6 7. Be2 Bd6 8. O-O O-O
9. Nbd2 b5 10. c4 bxc4 11. bxc4 c6 12. c5 Bc7 13. Nc4 dxc4 14. Bxc4 Nd5 15. Re1
Ba5 16. Re2 Nc3 17. Bxc3 Bxc3 18. Rb1 Nd7 19. Rc1 Ba5 20. h3 Nf6 21. Ne5 Qc7
22. f3 Bh7 23. e4 Nh5 24. Rb2 Rfb8 25. Rxb8+ Rxb8 26. Bxa6 Rb2 27. Bc4 Nf4 28.
Rc2 Rxc2 29. Qxc2 Ng6 30. Qb2 Nxe5 31. dxe5 Qd8 32. Be2 f5 33. Bc4 fxe4 34.
Bxe6+ Kf8 35. fxe4 Ke7 36. Bf5 g6 37. Qb7+ Qc7 38. Qxc7+ Bxc7 39. Bg4 Bxe5 40.
Bf3 Bd4+ 41. Kf1 Bxc5 42. a4 Bg8 43. e5 Bd5 44. Be2 Ke6 45. a5 Kxe5 46. g4 Kf4
47. a6 Ba7 48. Bd3 g5 49. Ke1 c5 50. Kd2 Bg2 51. Kc3 Bxh3 0-1

[Event "Tournoi Skype 028B"]
[Site "Skype"]
[Date "????.??.??"]
[Round "1.59"]
[White "Rodgerson, Michael"]
[Black "Florez Beltran, Leidy Lucila"]
[Result "0-1"]
[WhiteElo "1000"]
[BlackElo "1176"]
[PlyCount "48"]

1. e4 e5 2. Bc4 g6 3. Qf3 Nf6 4. Bxf7+ Kxf7 5. Ne2 Bg7 6. O-O Rf8 7. d3 Kg8 8.
Bf4 exf4 9. Qxf4 d6 10. d4 Nh5 11. Qg3 Nxg3 12. fxg3 d5 13. Nbc3 Bg4 14. Nf4
Bxd4+ 15. Kh1 Qg5 16. h3 Bd7 17. Rad1 c5 18. Rf3 Nc6 19. h4 Qg4 20. Rfd3 Ne5
21. Rxd4 cxd4 22. Rxd4 Qxg3 23. Rxd5 Rxf4 24. Rxe5 Rf1# 0-1

[Event "Tournoi Skype 028B"]
[Site "Skype"]
[Date "????.??.??"]
[Round "1.60"]
[White "Jimenez Cabrera, Rodolfo"]
[Black "Rodriguez, Gisselle"]
[Result "1-0"]
[WhiteElo "1175"]
[BlackElo "1000"]
[PlyCount "61"]

1. e4 e5 2. Nf3 d6 3. Bc4 Be6 4. Bxe6 fxe6 5. d3 Be7 6. h3 Nf6 7. Bg5 O-O 8. c3
Nc6 9. Qb3 Qd7 10. Nbd2 Rad8 11. O-O Nh5 12. Bxe7 Qxe7 13. Qxb7 Qd7 14. d4 Nf4
15. d5 Rb8 16. dxc6 Rxb7 17. cxd7 Rd8 18. b4 Rxd7 19. Nc4 Rb5 20. a4 Rb6 21.
Nxb6 axb6 22. a5 bxa5 23. bxa5 c6 24. a6 Ra7 25. Rfb1 Ne2+ 26. Kh2 h5 27. Rb7
Rxa6 28. Rxa6 d5 29. exd5 exd5 30. Ng5 g6 31. Ra8# 1-0

[Event "Tournoi Skype 028B"]
[Site "Skype"]
[Date "????.??.??"]
[Round "1.61"]
[White "Rodriguez, Omar Alexander"]
[Black "Linares Vernet, Ana"]
[Result "1-0"]
[WhiteElo "1000"]
[BlackElo "1175"]
[PlyCount "65"]

1. e4 e5 2. Nf3 d6 3. Bc4 h6 4. Nc3 Nf6 5. O-O Be7 6. h3 Nc6 7. a3 Bd7 8. d3
O-O 9. Be3 Qc8 10. Nb5 a6 11. Nc3 Be6 12. b4 Bxc4 13. dxc4 Ng4 14. hxg4 Qxg4
15. c5 Rfd8 16. Qe2 Bf6 17. Rad1 Rd7 18. Rfe1 Ne7 19. Nh2 Qxe2 20. Rxe2 Rc8 21.
Ng4 Bg5 22. Bxg5 hxg5 23. Re3 f6 24. Kf1 Kf7 25. Red3 Rcd8 26. b5 axb5 27. Nxb5
Nc8 28. Ne3 Kg8 29. Nf5 Rf7 30. cxd6 c6 31. Nc3 Rff8 32. d7 Kf7 33. dxc8=Q 1-0

[Event "Tournoi Skype 028B"]
[Site "Skype"]
[Date "????.??.??"]
[Round "1.62"]
[White "De Coninck, Philippe"]
[Black "Rodriguez Tovar, Liliana"]
[Result "1-0"]
[WhiteElo "1173"]
[BlackElo "1000"]
[PlyCount "47"]

1. e4 e6 2. d4 d5 3. exd5 exd5 4. Nf3 Nf6 5. c4 Be6 6. Nc3 Bb4 7. Qb3 Nc6 8.
Bd2 a6 9. Bd3 h6 10. O-O O-O 11. Bf4 b5 12. cxd5 Bxd5 13. Nxd5 Nxd5 14. Bg3 Re8
15. Qc2 Nf6 16. Qxc6 Re6 17. Qc2 Bd6 18. Bf5 Re7 19. Ne5 c5 20. Nc6 Qb6 21.
Nxe7+ Bxe7 22. dxc5 Qxc5 23. Qxc5 Bxc5 24. Rac1 1-0

[Event "Tournoi Skype 028B"]
[Site "Skype"]
[Date "????.??.??"]
[Round "1.63"]
[White "Santos, Cleidilan"]
[Black "Bonilla, Cesar"]
[Result "1-0"]
[WhiteElo "1000"]
[BlackElo "1172"]
[PlyCount "59"]

1. d4 d5 2. Bf4 e6 3. Nf3 Nf6 4. h3 Be7 5. e3 Nbd7 6. Bd3 b6 7. Nbd2 Bb7 8. c3
O-O 9. O-O c5 10. Qc2 Rc8 11. Ng5 g6 12. Rfe1 Nh5 13. Ngf3 Nxf4 14. exf4 cxd4
15. Nxd4 Nc5 16. N2f3 Nxd3 17. Qxd3 Qc7 18. Qd2 Bf6 19. Nb5 Qb8 20. Rac1 Rfe8
21. Qe3 e5 22. fxe5 Bxe5 23. Nxe5 Rxe5 24. Qxe5 Qxe5 25. Rxe5 d4 26. Nxd4 Rd8
27. Re7 Bd5 28. Rxa7 Ra8 29. Rxa8+ Bxa8 30. a3 1-0

[Event "Tournoi Skype 028B"]
[Site "Skype"]
[Date "????.??.??"]
[Round "1.65"]
[White "Sosa, Juan Carlos"]
[Black "Mendoza Lainez, Ricardo Jose"]
[Result "1-0"]
[WhiteElo "1000"]
[BlackElo "1137"]
[PlyCount "75"]

1. d4 f5 2. Bf4 Nf6 3. Nc3 d5 4. Nf3 Nc6 5. e3 Be6 6. Nb5 a6 7. Nxc7+ Kd7 8.
Nxa8 Qxa8 9. Bd3 h6 10. c3 g5 11. e4 gxf4 12. exf5 Bf7 13. Qe2 Qe8 14. O-O-O b5
15. a3 Na5 16. Kc2 Kd8 17. Ne5 e6 18. Nxf7+ Qxf7 19. fxe6 Qe7 20. Rhe1 Kc8 21.
Qe5 Bg7 22. Qxf4 Nc4 23. Bxc4 bxc4 24. Re5 Rf8 25. Rf5 Nh7 26. Rxf8+ Nxf8 27.
Re1 Nxe6 28. Qf5 Kd7 29. f4 Kd6 30. Kd1 Qf6 31. Qxf6 Bxf6 32. f5 Nf4 33. g3 Nd3
34. Re6+ Kd7 35. Rxf6 Nxb2+ 36. Kc2 Na4 37. Rxa6 Nc5 38. dxc5 1-0

[Event "Tournoi Skype 028B"]
[Site "Skype"]
[Date "????.??.??"]
[Round "1.66"]
[White "Pourtahmasbi, Ednun"]
[Black "Souza, Jeferson De Oliveira"]
[Result "0-1"]
[WhiteElo "1125"]
[BlackElo "1000"]
[PlyCount "54"]

1. e4 e5 2. Nf3 Nc6 3. Bb5 Nd4 4. Nc3 Bb4 5. Nxe5 Qf6 6. Nf3 Bxc3 7. dxc3 Nxb5
8. e5 Qf5 9. Be3 d6 10. exd6 Nxd6 11. Qd4 Nf6 12. Bg5 Qxc2 13. Bxf6 gxf6 14.
Qe3+ Ne4 15. Rc1 Qxf2+ 16. Qxf2 Nxf2 17. Kxf2 Bg4 18. Nd4 O-O-O 19. Kg3 h5 20.
Rhf1 Rhg8 21. Rxf6 Be2+ 22. Kf2 Bd3 23. Ke3 Bc4 24. b3 Bd5 25. g3 Rde8+ 26. Kd2
Re4 27. Rxf7 Bxf7 0-1